Local heroes? (Record no. 65246)
[ view plain ]
| 000 -LEADER | |
|---|---|
| fixed length control field | 01352cam a2200253 4500 |
| 001 - CONTROL NUMBER | |
| control field | ABS63108 |
| 008 - FIXED-LENGTH DATA ELEMENTS--GENERAL INFORMATION | |
| fixed length control field | 000000n2000 000 0 eng u |
| 035 ## - SYSTEM CONTROL NUMBER | |
| System control number | (Sirsi) u109318 |
| 100 ## - MAIN ENTRY--PERSONAL NAME | |
| Personal name | Blackman, D. |
| 245 ## - TITLE STATEMENT | |
| Title | Local heroes? |
| 260 ## - PUBLICATION, DISTRIBUTION, ETC. | |
| Date of publication, distribution, etc. | 2000 |
| 490 ## - SERIES STATEMENT | |
| Series statement | Building Design |
| Volume/sequential designation | (1463) 3 November 2000, 10-11(2) |
| 520 ## - SUMMARY, ETC. | |
| Summary, etc. | Examines the progress made by Regional Development Agencies (RDAs) in promoting design standards in the built environment. Opinion is divided over the effectiveness of RDAs: some argue that devolution could enhance regional architectural culture in certain areas, while others express concern about the lack of design skill at operational level. Progress of RDAs is uneven with some RDAs north of the Watford Gap slackening, while others, such as the South East Development Agency, showing initiative by developing the first regional development review panel. However, the desire to become the UK's next European City of Culture in 2008 should spark interest in architecture and design across all regions. |
| 590 ## - LOCAL NOTE (RLIN) | |
| Local note | ABS |
| 650 ## - SUBJECT ADDED ENTRY--TOPICAL TERM | |
| Topical term or geographic name entry element | RDAS |
| 650 ## - SUBJECT ADDED ENTRY--TOPICAL TERM | |
| Topical term or geographic name entry element | REGIONAL DEVELOPMENT AGENCIES |
| 650 ## - SUBJECT ADDED ENTRY--TOPICAL TERM | |
| Topical term or geographic name entry element | SOUTH EAST DEVELOPMENT AGENCY |
| 650 ## - SUBJECT ADDED ENTRY--TOPICAL TERM | |
| Topical term or geographic name entry element | PROGRESS |
| 650 ## - SUBJECT ADDED ENTRY--TOPICAL TERM | |
| Topical term or geographic name entry element | ARCHITECTURE |
| 650 ## - SUBJECT ADDED ENTRY--TOPICAL TERM | |
| Topical term or geographic name entry element | DESIGN |
| 650 ## - SUBJECT ADDED ENTRY--TOPICAL TERM | |
| Topical term or geographic name entry element | BUILT ENVIRONMENT |
| 690 ## - LOCAL SUBJECT ADDED ENTRY--TOPICAL TERM (OCLC, RLIN) | |
| Topical term or geographic name as entry element | BUILT ENVIRONMENT-CONSTRUCTION DESIGN |
| 942 ## - ADDED ENTRY ELEMENTS (KOHA) | |
| Suppress in OPAC | 0 |
| Withdrawn status | Lost status | Source of classification or shelving scheme | Damaged status | Not for loan | Home library | Current library | Shelving location | Date acquired | Total Checkouts | Full call number | Barcode | Date last seen | Copy number | Price effective from | Koha item type |
|---|---|---|---|---|---|---|---|---|---|---|---|---|---|---|---|
| Dewey Decimal Classification | London | London | Journal article | 14/11/2000 | ABS63108 | 109318-1001 | 06/08/2019 | 1 | 06/08/2019 | Journal article |